1945 1474 1210 1174 1499 1388 1415 1131 1246 1116 1412 1538 1369 1738 1506 1597 1398 1657 1063 1584 1359 1291 1017 1999 1479 1077 1710 1586 1626 1653 1733 1581 1321 1740 1069 1948 1295 1203 1661 1578 1316 1030 1270 1104 1941 1027 1007 1805 1848 1714 1869 1346 1900 1477 1752 1701 1710 1094 1348 1877 1957 1964 1513 1292 1313 1277 1667 1345 1173 1127 1878 1994 1560 1567 1286 1197 1348 1206 1929 1220 1504 1423 1121 1738 1590 1219 1693 1054 1300 1161 1066 1829 1519 1274 1533 1690 1993 1208 1880 BCNSPRNW ULIB Ver.6.0+V

เปลี่ยนเป็นภาษาไทย

Change to English
 แสดงรายละเอียดบรรณานุกรม
  กลับหน้าหลัก

Brief Record : Get Marc (ISO 2709) : E-mail record : QR code < ปิดหน้าต่าง
LEADER : 00000nam 2200000uu 4500
001    13399125124
003     ULIB
008    160930s2553||||th 000 0 tha d
020    ^a9786167390062
090    ^aนว.^bท513ท
100    ^aเทียนธีรา
245    ^aทาสรักจำเลยใจ /^cเทียนธีรา
260    ^aกรุงเทพฯ :^bสำนักพิมพ์ ทัช,^c2553
300    ^a320 หน้า
945    ^p210^l0^i001359
999    ^aณรีรัตน์ วารุกา
รายการนี้ยังไม่มีแท็ก
คุณยังไม่ได้ล็อกอิน คุณสามารถมีกิจกรรมร่วมกับเว็บไซต์ได้ แต่ต้องล็อกอินก่อน ::
  ล็อกอิน

รายการสื่อสารสนเทศ

ลำดับที่ ประเภท เลขเรียก/บาร์โค้ด สถานที่ สถานะ
1. นวนิยาย
นวนิยาย
นว. ท513ท ฉ.1 
  Barcode: 001359
ห้องสมุดวิทยาเขตนครสวรรค์
►นวนิยาย:l:Fiction
บนชั้น

BibComment


ยังไม่เคยถูกคอมเมนท์

คอมเมนท์ทรัพยากรรายการนี้
  คอมเมนท์: ทาสรักจำเลยใจ ..


 Copyright 2026. Bcnsprnw @Library